Lagos City Trivia - Statistics

General Stats
  • This quiz has been taken 11 times
  • The average score is 13 of 20
Answer Stats
Clue Answer % Correct
Lagos was the capital of Nigeria until 1991 before relocating to this city Abuja
100%
The only megacity in Africa that is more populous than Lagos Cairo
100%
Nickname for the Nigerian film industry {Nolly}wood
100%
Affluent and financial center area that is named after a British royal figure {Victoria} Island
100%
Meaning of the word "Lagos" Lakes
90%
The Beatles member who recorded most of his album "Band on the Run", in a studio in Lagos in 1973 Paul McCartney
90%
Language from which that word derives Portuguese
90%
The British bombarded Lagos in early 1850s in order to suppress this trade, since the King of Lagos refused to end it Atlantic slave trade
80%
Major gulf that Lagos overlooks Gulf of Guinea
80%
Lagos creates a transnational megalopolis with this Ivorian city,called the _______-Lagos Corridor Abidjan
70%
Name of Lagos in the language of the above(hint: a sound repeated or returned due to the reflection of sound waves) Èkó
70%
Lagos emerged as a home to the Awori subgroup of this ethnic group Yoruba
70%
Lagos overtook this city as Nigeria's most populous in early 1970s Ibadan
50%
Body of water that borders Lagos to the east Lagos {Lagoon}
50%
Music style popularized by Fela Kuti Afrobeat
40%
Lagos is home to five major startup _______ – being dubbed as "Africa's Silicon Valley" Unicorns
30%
Singer of that music style who released "Ojuelegba" and was featuredin Drake's "One Dance" {Wiz}kid
30%
Lagos hosted the final matches of this tournament in both 1980 and 2000 Africa Cup of Nations
20%
Mokoko is the world's largest floating ____, located on the edge of the above Slum
20%
After being annexed by the British in 1861 under the threat of force, the Lagos Colony was incorporated into this protectorate in 1906 {Southern} Nigeria
10%
No matching quizzes found
Score Distribution
Percent of People with Each Score
Percentile by Number Answered
Your Score History
You have not taken this quiz